000 00418cam a2200157ua 4500
041 _aeng
_h
082 _a828.09
_bBRA/TH
100 _aBradbrook, M C .
245 _aThemes and conventions of Elizabethan tragedy /
_cM C Bradbrook.
_hTextual Documents
250 _a1 /
_b.
260 _aCambridge :
_bCambridge University Press ,
_c1966.
300 _a275 ; .
504 _a
942 _cBK
999 _c8511
_d8511